000 00647nam a22002057a 4500
005 20251108164255.0
008 250721s1994 xx 000 0 ara d
082 1 4 _a338.96/أنه
100 1 _aداركوه، مايكل
_eتحرير
245 1 0 _aالأنهار الإفريقية و أزمة الجفاف /
264 1 _aالقاهره :
_bمركز البحوث العربية،
_c1994.
300 _a285ص
650 1 7 _aإفريقيا
650 1 7 _aالأنهار
650 1 7 _aالزراعة
650 1 7 _aالتنمية الإقتصادية
700 1 _aسيف النصر، أحمد
_eترجمة
942 _2ddc
_cBK
999 _c8081
_d8081